Southville International School and Colleges
Your cart is empty.
  • Cart
  • Lists
    Public lists Eva Luna New books Lux_list list_1
    Your lists Log in to create your own lists
  • Log in to your account
  • Your cookies
  • Search history
Southville International School and Colleges
  • Advanced search
  • Recent comments
  • Most popular
  • Libraries

Log in to your account

Log in with GOOGLE


If you do not have an external account, but do have a local account, you can still log in:

  1. Home
  2. MARC view: Intentional Interruption :
Normal view MARC view ISBD view

Intentional Interruption : (Record no. 48191)

[ view plain ]
MARC details
000 -LEADER
fixed length control field 00667nam a2200193Ia 4500
008 - FIXED-LENGTH DATA ELEMENTS--GENERAL INFORMATION
fixed length control field 140321s9999 xx 000 0 und d
020 ## - INTERNATIONAL STANDARD BOOK NUMBER
International Standard Book Number 9781412998796
050 ## - LIBRARY OF CONGRESS CALL NUMBER
Classification number LB 1731
Item number .K34 2013
100 ## - MAIN ENTRY--PERSONAL NAME
Personal name Katz, Steven
245 ## - TITLE STATEMENT
Title Intentional Interruption :
Remainder of title breaking Down Learning Barriers to Transform Professional Practice /
Statement of responsibility, etc Steven Katz and Lisa Ain Dack.
260 ## - PUBLICATION, DISTRIBUTION, ETC. (IMPRINT)
Place of publication, distribution, etc Thousand Oaks :
Name of publisher, distributor, etc CORWIN,
Date of publication, distribution, etc c2013.
300 ## - PHYSICAL DESCRIPTION
Extent 104 p. :
Other physical details ill. ;
Dimensions 26 cm.
500 ## - GENERAL NOTE
General note Includes bibliographical references and index.
521 ## - TARGET AUDIENCE NOTE
Target audience note
650 ## - SUBJECT ADDED ENTRY--TOPICAL TERM
Topical term or geographic name as entry element Professional learning communities.
650 ## - SUBJECT ADDED ENTRY--TOPICAL TERM
Topical term or geographic name as entry element Teachers
General subdivision In service training.
942 ## - ADDED ENTRY ELEMENTS (KOHA)
Call number prefix Foreign
Koha item type Books
Holdings
Withdrawn status Lost status Damaged status Home library Current library Shelving location Date acquired Total Checkouts Full call number Barcode Date last seen Price effective from Koha item type
      College Library College Library Reserve Section 03/21/2014   LB 1731 .K34 2013 C17474 05/15/2018 03/21/2014 Books

Intentional Interruption :

APA

Katz S., . (2013). Intentional Interruption. Thousand Oaks: CORWIN.

Chicago

Katz Steven, . 2013. Intentional Interruption. Thousand Oaks: CORWIN.

Harvard

Katz S., . (2013). Intentional Interruption. Thousand Oaks: CORWIN.

MLA

Katz Steven, . Intentional Interruption. Thousand Oaks: CORWIN. 2013.

  • Place hold
  • Print
  • Cite
  • Add to your cart (remove)
  • Save record
    BIBTEX Dublin Core MARCXML MARC (non-Unicode/MARC-8) MARC (Unicode/UTF-8) MARC (Unicode/UTF-8, Standard) MODS (XML) RIS
  • More searches
    Search for this title in:
    Other Libraries (WorldCat) Other Databases (Google Scholar) Online Stores (Bookfinder.com) Open Library (openlibrary.org)

Exporting to Dublin Core...

SOUTHVILLE LIBRARY

Southville International School and Colleges Library

1281 Tropical Ave. Cor. Luxembourg St., BF Homes International, Las Pinas City

Tel. No. 8256374 / 252358 Loc. 117/146

Powered by Koha